Normal view
MARC view
- Guéguen, Philippe
Entry Personal Name
001 - CONTROL NUMBER
- control field: 36320
003 - CONTROL NUMBER IDENTIFIER
- control field: NUST
005 - DATE AND TIME OF LATEST TRANSACTION
- control field: 20210314130006.0
008 - FIXED-LENGTH DATA ELEMENTS
- fixed length control field: 210314|| aca||aabn | a|a d
040 ## - CATALOGING SOURCE
- Original cataloging agency: NUST
- Transcribing agency: NUST
100 ## - HEADING--PERSONAL NAME
- Personal name: Guéguen, Philippe
670 ## - SOURCE DATA FOUND
- Source citation: Work cat.: (NUST): Seismic vulnerability of structures /, 2013.
